Natural selection: domains, levels and challenges
Salvato in:
| Autore principale: | |
|---|---|
| Natura: | Libro |
| Lingua: | inglese |
| Pubblicazione: |
Nueva York
Oxford University
1992
|
| Serie: | Oxford Series in Ecology and Evolution
|
| Soggetti: | |
| Tags: |
Aggiungi Tag
Nessun Tag, puoi essere il primo ad aggiungerne!!
|
MARC
| LEADER | 00000nam a2200000 a 4500 | ||
|---|---|---|---|
| 001 | UCQ3428 | ||
| 003 | CL-VaPUC | ||
| 008 | 980821e19920000US |||||||||||||||||eng|d | ||
| 082 | 0 | 4 | |a 577 |b WIL |2 21 |
| 100 | 0 | |a Williams, George C |e author |9 417563 | |
| 245 | 1 | 0 | |a Natural selection: domains, levels and challenges |
| 300 | |a 208 p | ||
| 942 | |c BK | ||
| 945 | |d 19980821 00:00:00 |a aarredon | ||
| 260 | |a Nueva York |b Oxford University |c 1992 | ||
| 650 | 7 | |a SELECCION NATURAL |2 CL-VaPUC |9 261742 | |
| 650 | 0 | |a Evolución |9 259442 | |
| 650 | 7 | |a ESPECIES |2 CL-VaPUC |9 331928 | |
| 650 | 0 | |a Genética |9 259443 | |
| 583 | |a last modification |c 19980821 00:00:00 |k Rodrigo Vera | ||
| 490 | 0 | |a Oxford Series in Ecology and Evolution | |
| 999 | |c 274008 |d 274006 | ||
| 952 | |0 0 |1 0 |4 0 |6 577_000000000000000_WIL_1992 |7 0 |8 A |9 310045 |a BIBCUR |b BIBCUR |d 2019-11-20 |i 3455637 |o 577 WIL 1992 |p 3455637 |r 2025-04-22 |w 2019-11-20 |y BK |k BCB | ||